000 01383nam a2200349 u 4500
001 197897
003 ES-MaACL
005 20251212063024.0
007 ta
008 251025s2025 sp a |||||| 000 | spa|
017 _aM 10920-2025
_bOficina Depósito Legal Madrid
020 _a978-84-1067-309-0
040 _aES-MaACL
_bspa
_cES-MaACL
_erda
080 _a327.84
080 _a94(460)"1936/39"
100 1 _aPascual Pérez, Jesús María
_9242435
_eaut
245 1 3 _aEl espionaje en la Guerra Civil :
_bla información como arma /
_cJesús Mª Pascual Pérez ; prólogo de Ángel Viñas
264 1 _a[Madrid] :
_bCatarata,
_c[2025]
264 4 _a©2025
300 _a317 páginas, 4 hojas de láminas sin numerar ;
_c22 cm
336 _atexto
_2rdacontent
337 _asin mediación
_2rdamedia
338 _avolumen
_2rdacarrier
504 _aBibliografía: páginas 301-313. Índice
650 4 _9145144
_aEspionaje
651 4 _98292
_aEspaña-
_xHistoria-
_y1936-1939, Guerra civil
852 _aES-MaACL
_cDEPO1
_jA-15869
_gDedicatoria autógrafa del autor
_hDonación: Jesús María Pascual Pérez
_xEncuadernación rústica
_9206986
942 _cMONOGRAFIA
_n0
999 _c197897
_d197897